000 01782nam a22002897a 4500
999 _c21747
_d21747
003 AR-CdUCM
008 190425b ||||| |||| 00| 0 spa d
040 _aMUNICIPALIDAD PROVINCIAL DEL CUSCO
_cBIBLIOTECA MUNICIPAL DEL CUSCO
082 _aRev.Univ/N°93/1947
_bRev.Univ/N°93/1947
110 _aUniversidad Nacional de San Antonio Abad del Cusco
_915942
245 _aRevista Universitaria :
_bÓrgano de la Universidad del Cuzco /
260 _aCusco :
_bH.G. Rozas,
_c1947.
300 _a204 páginas. :
_c20 cm.
440 _aRevista Universitaria
_nAño XXXVI, 2° semestre 1947, N°93.
_945948
505 _aContenido: Vida y obra de Francisco de Vitoria, fundador del derecho internacional conferencia de Víctor Guillen. -- La hora de América. Alfredo Yépez Miranda. -- Menores incorrectos en el Cuzco tesis. Julio Miguel Mendoza Dongo. -- Del sindicalismo al corporativismo. Cesar Augusto Reinaga. -- Documentos inéditos sobre la sublevación de Tupaj Amaru. -- Memoria arqueológica presentada a la ilustre Universidad Nacional del Cuzco. Franz Tamayo. -- Salina de Maras. Gabino Bueno. -- A la memoria de un sabio cusqueño. Gustavo Nuñez del Prado. -- Complementando los Anales del Cuzco. Horacio Villanueva Urteaga. -- Universidad Nacional del Cuzco. Concejo universitario, personal docente.
650 _aLevantamientos andinos
_944095
650 _aTupac Amaru
_9623
650 _aEusebio Corazao Quintanilla
_945949
650 _aArqueología cusqueña
_99322
650 _aHistoria del Cusco
_91714
700 _aVillanueva Urteaga, Horacio
_95790
700 _aYépez Miranda, Alfredo
_94230
700 _aNúñez del Prado, Gustavo
_924114
710 _aUniversidad Nacional de San Antonio Abad del Cusco
_915942
942 _2ddc
_cPP
945 _arac